000 01686cam a2200349 4500500
005 20260222001023.0
041 _afre
042 _adc
100 1 0 _aDelanoé-Vieux, Carine
_eauthor
700 1 0 _aCoirié, Marie
_eauthor
700 1 0 _aBouhallier, Gaspard
_eauthor
700 1 0 _aFontaine, Coline
_eauthor
700 1 0 _aSalabay, Benjamin
_eauthor
245 0 0 _aPerray-Vaucluse. Anamnesis de un hospital en reconversión
260 _c2021.
500 _a66
520 _aEste artículo da fe de los pasos dados por el Lab-ah - laboratorio de acogida y de la hospitalidad del GHU París psiquiatría & neurociencias – con relación al acompañamiento cultural y memorial de los profesionales del sitio histórico de Perray-Vaucluse (Essonne) reconvertido por motivo de la transferencia de sus actividades sanitarias hacia París. Profesionales, investigadores, diseñadores y artistas se han federado en torno a una Casa del patrimonio para interrogar objetos y sujetos y dar fe de la pequeña memoria de la “pequeña memoria de lo cotidiano” del hospital.
690 _acentro hospitalario de Perray-Vaucluse
690 _acultura
690 _ahistoria
690 _ahospital psiquiátrico
690 _apatrimonio hospitalario
690 _atestimonio
690 _aculture
690 _ahistory
690 _ahospital heritage
690 _aPerray-Vaucluse Hospital
690 _apsychiatric hospital
690 _astories
786 0 _nL’Information Psychiatrique | Volume 97 | 1 | 2021-02-02 | p. 63-69 | 0020-0204
856 4 1 _uhttps://stm.cairn.info/revista-l-information-psychiatrique-2021-1-page-63?lang=es&redirect-ssocas=7080
999 _c1664110
_d1664110